[Event "Munich SKA"]
[Site "Munich"]
[Date "1993.??.??"]
[Round "2"]
[White "Lobron, Eric"]
[Black "Bareev, Evgeny"]
[Result "0-1"]
[WhiteElo "2620"]
[BlackElo "2670"]
[Annotator "Ribli,Z"]
[PlyCount "79"]
[EventDate "1993.05.??"]
[EventType "tourn"]
[EventRounds "11"]
[EventCountry "GER"]
[EventCategory "16"]
[SourceTitle "CBM 036"]
[Source "ChessBase"]
[SourceDate "1993.10.01"]
[SourceVersion "1"]
[SourceVersionDate "1993.10.01"]
[SourceQuality "1"]

1. c4 e5 2. g3 Nf6 3. Bg2 d5 4. cxd5 Nxd5 5. Nc3 Nb6 6. Nf3 Nc6 7. O-O Be7 8.
a3 O-O 9. b4 Be6 10. d3 f6 11. Bb2 (11. Rb1 $5 $14 {Kortschnoj,V-Tukmakov,V/
Wijk-op/1993/CBM34/56,39/}) 11... a5 $5 (11... Qd7 {Gofshtein,L-Lev,R/Tel Aviv/
1991/EXP27/}) 12. b5 Na7 $5 13. Nd2 Rb8 14. Rb1 Qd7 15. a4 c6 16. bxc6 Nxc6 17.
Nb5 Bb4 $1 $10 18. Bc3 Qe7 19. Kh1 $2 (19. Ne4 $5) 19... Rfd8 20. Rc1 Ra8 21.
Kg1 Bf7 22. Ne4 f5 23. Nd2 h6 24. Qc2 Bxc3 25. Nxc3 Nd4 26. Qb1 Qb4 $1 27. Kh1
Nxa4 28. Nxa4 Qxa4 29. e3 Nb3 30. Nxb3 Qxb3 31. Qa1 Qxd3 32. Qxe5 Bd5 $1 33.
Qa1 (33. Rfd1 Bxg2+ 34. Kxg2 Qe4+ 35. Qxe4 fxe4 $19) 33... a4 34. Rc7 Rd7 $1
35. Rfc1 (35. Rxd7 Bxg2+ 36. Kxg2 Qxd7 $19) 35... Rad8 36. h3 (36. Qxa4 Rxc7
37. Rxc7 Qf1# $19) 36... b5 37. Qe5 Bxg2+ 38. Kxg2 Qe4+ 39. Qxe4 fxe4 40. R7c5
0-1

[Event "Malmo Masters 1st"]
[Site "Malmo"]
[Date "2003.08.06"]
[Round "9"]
[White "Johannessen, Leif Erlend"]
[Black "Sebag, Marie"]
[Result "1/2-1/2"]
[WhiteElo "2525"]
[BlackElo "2432"]
[Annotator "Ribli,Z"]
[PlyCount "53"]
[EventDate "2003.07.28"]
[EventType "tourn"]
[EventRounds "9"]
[EventCountry "SWE"]
[EventCategory "9"]
[SourceTitle "CBM 097"]
[Source "ChessBase"]
[SourceDate "2003.11.11"]
[SourceVersion "1"]
[SourceVersionDate "2003.11.11"]
[SourceQuality "1"]

1. c4 e5 2. Nc3 Nc6 3. Nf3 Nf6 4. g3 Bc5 {Dieser Zug wird selten gespielt, die
häufigeren Alternativen sind 4...d5 und 4...Bb4.} 5. Nxe5 {Dieser Zug führt zu
kompliziertem Spiel, die ruhige Alternative wäre 5.Bg2, wonach gewöhnlich 5...
d6 6.0-0 0-0 7.d3 folgt.} Bxf2+ {Mit diesem - gewöhnlich gespielten - Zug
schwächt Schwarz die weiße Königsstellung, aber gibt dafür das Läuferpaar auf.}
(5... Nxe5 6. d4 Bd6 $5 (6... Qe7 7. dxe5 Qxe5 (7... Ng4 8. e3 Nxe5 9. Bg2 $5
$14 (9. f4 Nc6 10. Bg2 $14) 9... Nxc4 $2 10. Nd5 $16) 8. Bg2 $14) 7. dxe5 Bxe5
$11) 6. Kxf2 Nxe5 7. e4 (7. b3 $6 d5 8. cxd5 Nxd5 9. Bb2 Bg4 $15 {[%cal Re5d3,
Rd3f2,Rd3b2,Gg4d1]}) 7... d6 (7... c5 {Nach dieser Fortsetzung kann Weiß nicht
so leicht - wie in der Partie - seine Zentrumsstellung aufbauen.}) 8. d4 Ng6 (
8... Nc6 9. h3 O-O 10. Kg2 (10. Bg2 $5) 10... Re8 11. d5 Ne5 12. Be2 a5 13. g4
Nfd7 14. h4 Nc5 15. h5 h6 16. Bf4 f6 17. Qd2 Qe7 {0-1 Kilgus,G-Mikac,M/Aschach
1993/EXT 97 (25)}) 9. h3 {[%csl Gc1,Gc4,Gd4,Ge4,Gf1] Weiß hat ein sehr starkes
Zentrum, aber die schwarze Stellung ist fest.} O-O 10. Bg2 Be6 (10... Rb8 11.
Rf1 Be6 12. b3 Qc8 13. g4 h6 14. Kg1 Nh7 15. Ne2 Ng5 16. Ng3 Nh4 17. Bb2 Nxg2
18. Kxg2 $14 {0-1 Poldauf,D-Timman,J/Forchheim 2000/CBM 76 (49)}) 11. b3 c6 12.
d5 $6 {[%csl Ye5][%cal Gg6e5] Mit diesem Zug möchte Weiß weiter Raum gewinnen,
aber der große Nachteil des Zuges ist, dass Schwarz die Kontrolle über das
e5-Feld erhält. Ich glaube, die Alternative ist besser für Weiß.} (12. Be3 Qa5
13. Qd2 h6 14. Rad1 Rad8 15. Bf3 Bc8 16. Kg2 Rfe8 17. Bf2 $14 {1/2-1/2 Timman,
J-Beliavsky,A/Sombor 1972/EXT 99 (73)}) 12... cxd5 13. exd5 Bd7 14. Qd4 Re8 15.
Bb2 Ne5 $13 {[%csl Ge5] Schwarz hat eine starke Springerstellung auf e5.} 16.
Rhf1 Qc8 17. Kg1 {[%cal Gf1f6] Weiß beschäftigt sich nicht mit der
Verteidigung des h3-Bauern und möchte mit 18.Rxf6 die Qualität opfern. Aber
die Alternative 17.g4!? kommt in Betracht.} (17. g4 $5 $13) 17... Bxh3 18. Rxf6
{[%mdl 64]} Bxg2 (18... gxf6 19. Ne4 Qd8 20. Rf1 (20. Bxh3 $4 Nf3+ $19 {
[%cal Rf3d4,Rf3g1]}) 20... f5 21. Nxd6 Qxd6 22. Bxh3 $44) 19. Kxg2 gxf6 20. Ne4
$44 Ng4 (20... Qd8 21. Rf1 $16) 21. Nxf6+ (21. Nxd6 Qd7 22. Nxe8 Rxe8 $13 {
[%csl Ge8][%cal Ge8e2]}) 21... Nxf6 22. Qxf6 Re2+ $8 {[%cal Re2g2,Re2b2][%mdl
256] Nur mit diesem Zug kann Schwarz sich verteidigen - sonst wäre der b2B
tödlich.} 23. Kf3 Rxb2 24. Re1 $5 {Weiß nimmt nicht auf b2 (was auch nicht
schlecht wäre), sondern verschafft sich die e-Linie.} (24. Qxb2 Qf5+ 25. Kg2
Qe4+ $11) (24. Qg5+ Kf8 25. Qh6+ Kg8 $11 (25... Ke7 26. Re1+ Kd7 27. Qf6 Rxb3+
28. axb3 Qf8 29. Re4 $44)) 24... Rh2 (24... Rxa2 25. Qg5+ Kh8 26. Qf6+ $11) 25.
Qg5+ Kh8 26. Qf6+ Kg8 27. Qg5+ 1/2-1/2

[Event "EU-ch 6th"]
[Site "Warsaw"]
[Date "2005.06.21"]
[Round "4"]
[White "Portisch, Lajos"]
[Black "Izoria, Zviad"]
[Result "1-0"]
[WhiteElo "2525"]
[BlackElo "2602"]
[Annotator "Ribli,Z"]
[PlyCount "151"]
[EventDate "2005.06.18"]
[EventType "swiss"]
[EventRounds "13"]
[EventCountry "POL"]
[SourceTitle "CBM 108"]
[Source "ChessBase"]
[SourceDate "2005.09.26"]
[SourceVersion "1"]
[SourceVersionDate "2005.09.26"]
[SourceQuality "1"]

1. c4 Nf6 2. Nc3 e5 3. g3 Bb4 4. Nf3 e4 5. Nd4 Nc6 6. Nc2 Bxc3 7. dxc3 h6 {
Ein wichtiger Sicherungszug - Schwarz verteidigt sich gegen 8.Bg5.} 8. Bg2 (8.
Be3 Qe7 9. Bg2 d6 10. Nb4 Nxb4 11. cxb4 O-O 12. Qd4 Re8 $11) 8... O-O 9. O-O
Re8 10. Ne3 {Mit Zugumstellung ist die Variante 3.Nf3 Nc6 4.g3 Bb4 5.Bg2 0-0 6.
0-0 e4 7.Ne1 Bxc3 8.dxc3 h6 9.Nc2 Re8 10.Ne3 erreicht.} d6 (10... Ne5 11. Qc2
d6 12. Bxe4 Nxe4 13. Qxe4 Ng4 14. Qd3 Nxe3 15. Bxe3 Qe7 16. Rfe1 b6 17. Bd2 Bb7
18. f3 Qe6 19. e4 {1/2-1/2 Berkes,F-Gyimesi,Z/Hungary 2003/EXT 2005 (80)}) 11.
b3 (11. Qc2 a5 (11... b6 12. b3 a5 13. Bb2 Bd7 14. Rad1 a4 15. Bc1 axb3 16.
axb3 Ra5 17. Nd5 Bf5 18. Be3 (18. Bf4 $5 $14) 18... Ne5 19. Nxf6+ Qxf6 20. Bxe4
Ng4 $1 {1/2-1/2 Savon,V-Vaganian,R/USSR (ch) (23)}) 12. Bd2 Be6 13. Rad1 (13.
Rfd1 Qd7 14. Bxe4 Bxc4 15. Bf3 Be6) 13... Qc8 14. Rfe1 Bh3 15. Bh1 Qe6 16. Bc1
Ne7 17. Qd2 b6 18. b3 {1/2-1/2 Gurevich,M-Lalic,B/Zwolle 2002/(18)}) (11. Nd5
Bf5) (11. f4 exf3 12. exf3 Bd7 13. h3 Ne7 $11) 11... a5 12. Qc2 (12. Nd5 Bf5 $5
$13) (12. a4 b6 13. Qc2 Bb7 14. Nd5 Nb8 15. Rd1 Nbd7 16. h3 Nc5 $11) 12... a4 (
12... Bd7 13. Rd1 b6 14. a4 Rb8 15. Ba3 Ne7 16. Rd2 Nf5 17. Nxf5 Bxf5 18. Rd4
Qc8 {0-1 Wallrabenstein,U-Neukirch,D/Dresden 2000/EXT 2001 (51)}) 13. Rb1 axb3
(13... Qe7 14. Bd2 b6 15. f3 exf3 16. exf3 Bb7 17. Nd5 Nxd5 18. cxd5 Ne5 19. c4
Qf6 20. Bc3 $14 {0-1 Wacker,P-Gruen,P/Germany 1985/GER-chT (32)}) 14. axb3 {
Weiß hat das Läuferpaar, aber die schwarze Stellung ist sicher. Aufgrund der
geschlossenen Stellung sind die weißen Läufer nicht besonders aktiv.} Ne7 $11 (
14... Qe7 15. Nd5 Nxd5 16. cxd5 Nb8 17. Be3 $14) 15. Rd1 Bd7 16. c5 $5 {
[%mdl 512] Statt 16.Bxe4, mit Bauerngewinn, opfert Weiß selbst den Bauern.} (
16. Bxe4 Nxe4 17. Qxe4 Qc8 $44 {[%cal Gd7c6,Gc6h1]}) 16... dxc5 17. c4 {
[%cal Gc1b2,Gb2f6] Auf diese Weise möchte Weiß seinen schwarzfeldrigen Läufer
aktivieren.} Ra6 (17... Nc8 {[%cal Gc8d6]} 18. b4 $44) 18. Bb2 $44 {[%csl Gb2,
Re4,Gg2] Weiß hat zwei Läufer auf den großen Diagonalen und verfügt über
ausreichende Kompensation für den Minusbauern. Der schwarze e4P ist hingegen
schwach.} Qc8 19. Ra1 (19. Bxf6 Rxf6 20. Bxe4 Nc6 $11 {[%cal Gc6d4]}) 19...
Rxa1 20. Bxa1 Nf5 21. Qd2 (21. Bxf6 Nxe3 22. fxe3 gxf6 23. Bxe4 Bg4 $11 {
Mit beiderseitigen Bauernschwächen.}) 21... Nd4 {Forciert - er gibt den Bauern
zurück und bekommt eine ruhige, ausgeglichene Stellung.} 22. Bxd4 cxd4 23. Qxd4
c6 (23... Bh3 24. b4 $14) 24. Qb6 {[%csl Gb6,Gd1][%cal Gd1d8] Die
Bauernstellung ist symmetrisch, aber Weiß hat einen kleinen Positionsvorteil,
da sein Figurenspiel aktiver ist.} Be6 25. h4 h5 $6 (25... Qa8 $11) 26. Rd4 Nd7
{Schwarz verjagt die aktive Dame von b6.} 27. Qa5 f5 28. Bh3 (28. Nxf5 $5 b6 (
28... c5 29. Nd6 $18) 29. Nh6+ gxh6 30. Qxh5 $44) 28... g6 {Die schwarze
Verteidigungsstellung ist sicher, jedoch sind die schwarzen Felder schwach.}
29. Qc3 (29. Rd6) 29... Nf8 (29... Qc7 $11) 30. Ng2 Rd8 (30... c5 31. Rd2 Rd8
$11) 31. Nf4 Bf7 $2 {Ein großer Fehler - Schwarz verliert seinen e4-Bauern.} (
31... Rxd4 32. Qxd4 Qd7 $11) 32. Rxe4 $16 {[%cal Gh3c8] Weiß nimmt den
schwarzen Schlüsselbauern, Schwarz hat kein Gegenspiel.} Rd1+ 33. Kh2 Qd8 34.
Re3 {[%cal Ge3d3]} Qd2 35. Qxd2 Rxd2 36. Re7 b5 {Zu Vereinfachung des Spiels
möchte Schwarz das Material reduzieren.} (36... Rd7 37. Rxd7 Nxd7 38. e4 Nc5
39. exf5 gxf5 40. b4 Ne6 41. Nxe6 Bxe6 42. c5 $18 {Das Endspiel ist für Weiß
gewonnen, da alle schwarzen Bauern auf weißen Feldern stehen.}) 37. Bg2 bxc4
38. bxc4 Bxc4 39. Bxc6 Bf7 40. Bb5 {[%mdl 4096] Aufgrund des reduzierten
Materials ist die Verwertung des weißen Materialvorteils nicht leicht. Aber
ich muss anmerken, dass es einige Schwächen am schwarzen Königsflügel gibt.}
Rd6 41. Nh3 {[%cal Gh3g5]} Nh7 42. Ra7 Rb6 43. Bd3 Rc6 44. f3 {[%cal Ge2e4]}
Bc4 45. Bxc4+ Rxc4 46. Kg2 Rc6 47. Kf2 Nf8 48. Nf4 (48. Ng5 Ne6) 48... Rd6 49.
Re7 Ra6 50. Nd5 Rd6 51. Nf4 Ra6 52. Ke3 {[%csl Ge3,Ge7,Gf4] Stufenweise
verbessert Weiß seine Stellung - Schwarz kann nichts Aktives unternehmen; er
kann nur warten.} Rd6 53. Nd3 Ne6 (53... Re6+ 54. Rxe6 Nxe6 55. Nf4 Nf8 56. Kd4
$16) 54. Ne5 Nf8 55. Nf7 Ra6 56. Ng5 {[%csl Ge7,Rf8,Gg5] Der Nf8 hat keine
sinnvollen Züge mehr.} Ra4 57. Rb7 Rc4 58. Ra7 Rb4 59. Kd3 Rb6 60. Re7 Rb4 61.
Kc3 Ra4 62. Kb3 Ra1 63. Kc4 Rd1 (63... Ra2 64. e4 fxe4 65. fxe4 $16) 64. Kc5
Nd7+ 65. Kc6 Nf8 66. e4 fxe4 67. fxe4 $18 {Alle weißen Figuren stehen aktiv
und der Freibauer auf e4 ist stark, während die schwarze Stellung hofnungslos
ist.} Rc1+ (67... Rd3 68. e5 Rxg3 69. e6 $18) 68. Kd6 Rd1+ 69. Ke5 Nd7+ 70. Ke6
Nf8+ 71. Kf6 Rf1+ 72. Ke5 Rf2 73. Rc7 Rf1 74. Kd6 Rg1 75. Ke7 Nh7 76. Ne6 {
[%cal Rc7c8,Rc8g8]} (76. Rc8+ Kg7 77. Ne6+ Kh6 78. Rh8 $18) 1-0

[Event "Nordic-ch"]
[Site "Aarhus"]
[Date "2003.09.12"]
[Round "6"]
[White "Hansen, Curt"]
[Black "Kallio, Heikki"]
[Result "1/2-1/2"]
[WhiteElo "2618"]
[BlackElo "2471"]
[Annotator "Ribli,Z"]
[PlyCount "91"]
[EventDate "2003.09.06"]
[EventType "tourn"]
[EventRounds "11"]
[EventCountry "DEN"]
[EventCategory "10"]
[SourceTitle "CBM 098"]
[Source "ChessBase"]
[SourceDate "2004.02.03"]
[SourceVersion "1"]
[SourceVersionDate "2004.02.03"]
[SourceQuality "1"]

1. c4 e5 2. Nc3 Nf6 3. g3 Nc6 4. Bg2 {In dieser Variante ist es nicht leicht
für Schwarz die Ausgleichmöglichkeit zu finden - nach 4...Bb4 kommt 5.Nd5, 4...
d5 geht nicht und die Partiefortsetzung bietet Weiß auch etwas bessere Chancen.
} g6 5. Nf3 Bg7 6. d4 exd4 7. Nxd4 O-O 8. O-O Re8 9. Nc2 {[%csl Yd5][%cal
Gc2e3,Ge3d5] Mit diesem Zug vermeidet Weiß den möglichen Springertausch mit
Nxd4 und der Springer zielt auf das d5-Feld, welches eigentlich ein
positionelles Loch in der schwarze Stellung ist.} (9. e3 $5) 9... d6 10. Ne3 $5
{Auf diese Weise verbessert Weiß sein früheres Spiel (10.b3 war nicht so gut
wegen 10...Bf5 und Schwarz steht nicht schlechter - Hansen,C -Akopjan,V
Groningen 1991.)} (10. h3 a5 11. Be3 Bf5 12. Nd4 Be4 13. Nxe4 Nxe4 14. Nxc6
bxc6 15. Bd4 Rb8 {[%csl Gb8][%cal Gb8b2] 0-1 Taimanov,M-Bacrot,E/Cannes 1998/
CBM 65/[Ribli] (63)}) (10. b3 Bf5 11. Rb1 (11. Bb2 Ne4 $5 12. Bxe4 Bxe4 13. Ne3
Nd4 14. Nxe4 Rxe4 15. Qd3 Qe8 16. Rad1 c6 17. Rd2 Qe6 18. Ng2 Nf5 {1/2-1/2
Gelfand,B-Bacrot,E/Albert 2002/CBM 92 no vc (45)}) 11... a5 12. Re1 Ne4 13.
Nxe4 Bxe4 14. f3 Bxc2 15. Qxc2 Bd4+ 16. e3 Qg5 $1 17. f4 Qc5 18. Qf2 Qf5 19.
Bd2 Bc5 20. Rbd1 a4 $15 {0-1 Hansen,C-Akopian,V/Groningen 1991/CBM 27/[Ribli] 
(47)}) 10... Ne5 (10... a6 11. Ned5 h6 12. Rb1 Rb8 13. a4 Ne5 14. b3 Be6 15. e4
Ned7 16. Qc2 Nc5 17. Nxf6+ Qxf6 18. Nd5 Bxd5 19. cxd5 a5 20. Bb2 {1/2-1/2
Tichy,V-Kupka,S/CZE 1998/EXT 2000 (36)}) 11. b3 (11. h3 $5 {Auf diese Weise
kann Weiß das Ausgleichmanöver 11...Nfg4 (oder 11...Neg4) verhindern.}) 11...
Nfg4 12. Nxg4 Bxg4 13. Bb2 {[%csl Gb2,Yd5,Gg2] Weiß hat zwei starke Läufer auf
den großen Diagonalen und starke Kontrolle über das Zentrumsfeld-d5.} Qd7 {
[%cal Gg4h3,Gh3f1] Schwarz folgt der typischen Strategie - er möchte den
g2-Läufer mit 14...Bh3 tauschen.} (13... Qc8 14. Re1 (14. Qd2 $5) 14... Nc6 15.
Qd2 Nd4 16. Nd5 c5 17. h3 Bxh3 18. e3 Bxg2 19. Kxg2 Nf5 20. Bxg7 Kxg7 21. Qc3+
{1-0 Arbakov,V-Uwira,O/Baunatal 1997/EXT 99 (29)}) 14. Qd2 (14. Re1 Bh3 15. Bh1
c6 16. Qd2 Rad8 17. Rad1 Qf5 $11) 14... Bh3 15. Rad1 {[%cal Gd1d7] Nach diesem
Zug muss Schwarz in einigen Varianten mit c4-c5 rechnen.} a5 16. Nd5 (16. c5 $6
Bxg2 17. Kxg2 Qc6+ 18. Nd5 dxc5 19. e4 a4 $15) 16... Bxg2 17. Kxg2 $14 {
[%csl Gd5] Weiß hat einen kleinen, aber dauerhaften Positionsvorteil - der d5N
ist der Stolz der weißen Stellung und dominiert auf dem Brett. Die schwarze
Stellung ist sehr fest und hat keine Schwächen; aber es ist schwer für Schwarz
aktives Spiel zu finden.} Qc6 18. e4 a4 19. Bc3 {Mit diesem Wartezug
verhindert Weiß die Möglichkeit 19...axb3 20.axb3 Ra2 und bereitet 20.Qb2 vor.}
(19. f4 $5 Nd7 20. Bxg7 Kxg7 21. Qd4+ f6 22. b4 $14) 19... b6 (19... Nd7 20.
Bxg7 Kxg7 21. Qd4+ f6 22. b4 $14) 20. Qb2 {[%cal Gb2g7]} f6 $8 {Die weiße
Drohung war 21.f4, so dass dieser Zug erzwungen ist. Aber mit diesem Zug
schwächt Schwarz seine Königsstellung.} 21. Rfe1 Ra7 $5 {[%cal Gc6a8,Ga8a2]
Mit dieser Fortsetzung bereitet Schwarz das Damemanöver 22...Qa8 vor, wonach
Schwarz nach den Zuegen axb3,axb3 Ra2 spielen kann.} 22. Bd4 Qa8 {[%csl Ga8]
[%cal Ga8a2,Ga8g2]} 23. Qc3 Nd7 24. Qc2 (24. Bxf6 Nxf6 25. Nxf6+ Kf7 $19) (24.
Nxf6+ Bxf6 25. Bxf6 Nxf6 (25... Rxe4 $11) 26. Qxf6 Rxe4 $11) 24... axb3 25.
axb3 Qb7 (25... Ra2 26. Qd3 Qb7 27. Qf3 Kf7 $14) 26. Qb2 Qa8 27. b4 {[%cal
Gb4b5][%mdl 32] Weiß möchte in folgendem b4-b5 ziehen, wonach er
offensichtlichen positionellen Druck bekommt.} c6 $6 {Schwarz opfert einen
Bauern für etwas Aktivität, aber der Textzug hilft nur dem Gegner.} (27... Ra2
28. Qb1 (28. Nxc7 Rxb2 29. Nxa8 Rxb4 30. Nc7 Rf8 31. Rc1 $14) 28... Ra7 29. b5
$14) 28. Nxb6 Nxb6 29. Bxb6 f5 30. Qd2 (30. Bd4 $5 Ra2 31. Qb1 Bxd4 32. Rxd4 c5
33. bxc5 dxc5 34. Rd5 fxe4 35. Rxe4 Rf8 36. Rf4 Rxf4 37. gxf4 Rd2 38. Qb6 $16)
30... Rb7 31. Ba5 (31. c5 fxe4 32. Qxd6 $16) 31... fxe4 32. Qxd6 {Weiß hat
einen Bauern mehr und ich sehe keine Kompensation für Schwarz.} Rf7 (32... Qa6
33. c5 Rf7 $14) {[#]} 33. Qd8 $1 $16 {Mit diesem Zug kann Weiß die Stellung
vereinfachen und das Endspiel mit Bauern weiterspielen.} Qxd8 (33... Rxd8 34.
Rxd8+ Qxd8 35. Bxd8 $16) 34. Rxd8 Rxd8 35. Bxd8 Rb7 (35... Rd7 36. Bb6 $16) 36.
Rxe4 (36. Ba5 Bc3 37. Rxe4 Bxb4 $14) 36... Rxb4 {[%mdl 4096]} 37. Be7 Ra4 38.
Bc5 Ra5 (38... Ra8 $16) 39. Be3 Kf7 40. h4 h6 41. Kf3 Ra2 42. c5 Rc2 $2 (42...
Ra8 $16) 43. Ra4 $18 {[%csl Rc6][%cal Ra4a7,Ra7g7] Nach diesem Zug kann der
weiße Turm in die schwarze Stellung eindringen.} Ke6 44. Ra8 Bf6 (44... g5 45.
Rg8 Bf6 46. Rg6 Kf5 47. h5 $18) 45. Rc8 Kd7 46. Rg8 1/2-1/2

[Event "Nordic-ch"]
[Site "Aarhus"]
[Date "2003.09.09"]
[Round "4"]
[White "Hansen, Curt"]
[Black "Hector, Jonny"]
[Result "1-0"]
[WhiteElo "2618"]
[BlackElo "2538"]
[Annotator "Ribli,Z"]
[PlyCount "77"]
[EventDate "2003.09.06"]
[EventType "tourn"]
[EventRounds "11"]
[EventCountry "DEN"]
[EventCategory "10"]
[SourceTitle "CBM 098"]
[Source "ChessBase"]
[SourceDate "2004.02.03"]
[SourceVersion "1"]
[SourceVersionDate "2004.02.03"]
[SourceQuality "1"]

1. c4 Nf6 2. Nc3 e5 3. Nf3 Nc6 4. g3 Nd4 {Dieser Springerzug wird selten
gespielt - die Alternativen 4...d5 und 4...Bb4 sind populärer.} 5. Bg2 {
Das ist der gewönliche Zug, aber Weiß hat einige andere Möglichkeiten.} (5.
Nxe5 $6 Qe7 6. f4 d6 7. Nd3 Bf5 $44 {Schwarz hat mindestens ausreichend
Kompensation für den Bauern.}) (5. Nh4 c6 (5... g5 $13) 6. e3 Ne6 7. d4 $13)
5... Nxf3+ 6. Bxf3 Bb4 (6... Bc5 7. O-O O-O 8. d3 c6 9. Bg5 $14) 7. Qb3 Bc5 {
Dieser Läuferzug führt zu ähnlichen Stellungen, wie 6...Bc5 (statt 6...Bb4),
aber - interessanterweise - steht die weiße Dame nicht so gut auf b3, wie auf
d1.} (7... a5) 8. O-O (8. d3 O-O 9. O-O Re8 $5 10. Bd2 c6 11. Rac1 h6 12. Qa4
Bf8 13. Rfd1 d6 14. b4 Bg4 $11 15. Bxg4 Nxg4 16. b5 Qd7 {0-1 Hansen,
C-Hjartarson,J/Reykjavik 1997/CBM 62/[Ribli] (45)}) 8... c6 {In dieser
Variante spielt Weiß gewöhnlich die Textfortsetzung etwas später. Ich glaube,
der traditionelle Zug 8...0-0 ist die logische Fortsetzung für Schwarz.} (8...
O-O 9. Na4 (9. d3 h6 10. Bg2 (10. Bd2 Re8 11. Rac1 Rb8 12. Qa4 $1 a6 13. b4 Bf8
14. b5 Bc5 15. bxa6 bxa6 16. Rb1 Rb6 $1 17. Be3 Bxe3 18. fxe3 Rxb1 19. Rxb1 e4
$1 {1/2-1/2 Hansen,C-Christiansen,L/Munich 1992/CBM 30/[Ribli] (31)}) 10... Re8
11. h3 $5 c6 12. Kh2 Qb6 13. Na4 $1 $14 {1-0 Hansen,C-Westerinen,H/Reykjavik
1998/CBM 64/[Ribli] (42)}) 9... Be7 10. Rd1 c6 11. Nc3 d6 12. d4 Qc7 13. Bg2
Bf5 14. h3 exd4 15. Rxd4 Nd7 16. Qd1 Nc5 17. Be3 a5 18. Rd2 Rfe8 19. b3 {
1/2-1/2 Hansen,C-Gustafsson,J/Germany 2000/CBM 76 (25)}) 9. e3 $5 {[%cal Gf1d1,
Gd2d4] Interessante Idee - Weiß verliert keine Zeit mit 9.d3, er möchte nach
10.Rd1 direkt 11.d4 spielen.} (9. d3) 9... d6 10. Rd1 Qe7 (10... Qb6 11. Qc2
$14 {[%cal Gc3a4,Ga4b6,Ga4c5]}) 11. d4 Bb6 12. Qc2 {[%csl Gc4,Gd4] Weiß hat
eine starke Zentrumsstellung.} O-O (12... h5 $5 {[%cal Gh5h4] Dieser Zug
bietet Schwarz taktisches Gegenchancen am Königsflügel.}) 13. d5 $14 {Mit
diesem Zug bekommt Weiß Raumvorteil.} Bg4 (13... c5 14. e4 $14) (13... Bd7 {
[%cal Ga8c8,Gc8c1]} 14. b3 $14) 14. Bxg4 Nxg4 {[%cal Gf7f5]} 15. h3 {Weiß muss
den Springer verjagen, sonst kommt Schwarz mit 15...f5.} Nf6 (15... Nh6 16. e4
$14) 16. b3 {Weiß ist konsequent und spielt nicht e3-e4, wonach der b6B eine
aktive Figur wäre.} Bc5 (16... e4 17. Bb2 $14) 17. Kg2 cxd5 $6 {Das ist eine
große Hilfe für Weiß. In folgendem bekommt er starke Kontrolle über das
d5-Feld.} (17... a6 $5) 18. Nxd5 Nxd5 19. Rxd5 {[%csl Gd5]} f5 {Das war die
schwarze Idee. Aber der Textzug ist nur scheinbar aktiv - in Wirklichkeit hat
Schwarz keine gefährlichen Angriffchancen am Königsflügel, weil später f5-f4
nicht droht und e5-e4 ganz schlecht wäre.} 20. Bd2 {[%cal Gb3b4] Droht 21.b4,
mit weiterem Raumgewinn.} a5 21. Rd1 {[%cal Gd1d6]} Rf6 {[%cal Ga8f8] Schwarz
möchte die Türme auf der f-Linie verdoppeln.} 22. a3 $1 {[%mdl 32]} Raf8 (22...
Bxa3 $2 23. Qa2 Bc5 24. b4 Ba7 (24... Bb6 25. c5 $18) 25. Rxa5 $18) 23. b4 (23.
Bxa5 $2 f4 24. exf4 exf4 25. Bc3 Rg6 $40) 23... axb4 24. axb4 Bb6 25. c5 {
Weil die schwarzen Figuren am Königsflügel sind, bekommt Weiß Initiative im
Zentrum.} Bc7 (25... dxc5 26. bxc5 Bc7 27. Bc3 $14) 26. Bc3 {[%cal Gc3f6,Gd1d7]
} Rh6 27. cxd6 Bxd6 28. Qd3 {[%csl Gd1,Gd3,Gd5][%cal Rd1d6] Weiß hat
offensichtlichen Druck auf der d-Linie.} Rff6 (28... Rc8 29. Rxd6 (29. Bb2 $16)
29... Rxd6 30. Qxd6 Qxd6 31. Rxd6 Rc4 32. Rd8+ Kf7 33. Rd7+ Kf6 34. Rxb7 $16)
29. f4 $16 {[%csl Re5][%cal Gc3f6] Mit diesem Zug gewinnt Weiß eigentlich
einen Bauern.} Rfg6 30. Qxf5 (30. fxe5 $4 Qh4 $19) (30. Bxe5 $4 Qh4 $19) 30...
Qh4 (30... Rf6 31. Qd3 $18) 31. Be1 $1 {[%mdl 256] Nach diesem guten
Verteidigungszug ist alles in der weißen Stellung verteidigt.} (31. Qe6+ $2
Rxe6 32. gxh4 exf4 33. exf4 Bxf4 $132) 31... exf4 32. exf4 Qxf4 33. Qxf4 Bxf4 {
Schwarz hat jetzt das materielle Gleichgewicht, aber in folgendem bekommt Weiß
großen Vorteil.} 34. Rd8+ Kf7 35. R1d7+ Ke6 36. Rxb7 $18 {[%csl Gb7,Gd8,Ge1,
Re6,Rf4,Rg6,Rh6] Weiß hat nicht nur einen Bauern mehr, sondern auch ein
ausgezeichnetes Figurenspiel, weil alle schwarze Figuren schlecht und der
schwarze König eigentlich im Mattnetz in der Mitte stehen.} Bd6 37. Bf2 Rh5 38.
Re8+ Kf6 (38... Kd5 39. Rb5+ $18 {[%cal Rb5h5]}) (38... Kf5 39. Rb5+ $18 {
[%cal Rb5h5]} (39. g4+ $18)) 39. Bd4+ 1-0